00624 2200205 4500001002100000005001500021035002500036008004100061245007100102100002300173260005000196300004500246020002200291084000800313520002000321650002000341990001900361990001900380990001900399INLIS00000000000451020251216100922 a0010-121900000004510251216 | ind 1 aMenggambar Batik Menggunakan Adobe Photoshop /cAgnes dian saputri0 aAgnes dian saputri aAndi : Yogyakarta :bAndi : Yogyakarta,c2017 ai.114hlm : 16x23cm ;ci.114hlm : 16x23cm a978-979-29-6068-6 a5,5 aAPBD 2019 3 EKS 4aPhotoshop 005.5 aB2019100410858 aB2019100410859 aB2019100410860